000 00463nam a22001817a 4500
005 20260326123205.0
008 260326b |||||||| |||| 00| 0 eng d
020 _a987 716 735 953
050 _aQD 31.2.J66 2000
100 _aJONES LORETTA
245 _aCHEMISTRY MOLECULES MATTER AND CHANGE
250 _a4TH ED.
260 _aNEW YORK
_bW H FREEMAN
_c2000
300 _a998P.
500 _aINCLUDES AN INDEX
650 _aCHEMISTRY
942 _2lcc
_cBK
999 _c216874
_d216874